Normal view
MARC view
- Kamal, Daanika
Entry Personal Name
001 - CONTROL NUMBER
- control field: 5135
003 - CONTROL NUMBER IDENTIFIER
- control field: OSt
005 - DATE AND TIME OF LATEST TRANSACTION
- control field: 20251117141620.0
008 - FIXED-LENGTH DATA ELEMENTS
- fixed length control field: 251117|| aca||aabn | a|a d
040 ## - CATALOGING SOURCE
- Original cataloging agency: OSt
- Transcribing agency: OSt
100 ## - HEADING--PERSONAL NAME
- Personal name: Kamal, Daanika
670 ## - SOURCE DATA FOUND
- Source citation: Work cat.: (OSt)753545: Kamal, Daanika , The feminisms of our mothers, 2024
